Pääsiäisvisa - Statistics

Yleistilastot
  • Tätä visaa on pelattu 42 kertaa
  • Keskiarvotulos 8 / 17
Vastaustilastot
Kysymys Vastaus % Oikein
Perjantai ennen Pääsiäistä {Pitkä}perjantai
97%
Sunnuntai viikkoa ennen Pääsiäistä {Palmu}sunnuntai
82%
Henkilö joka kavalsi Jeesuksen hopeasta Juudas Iskariot
76%
Mistä Jeesuksen kruunu oli tehty Orjantappurasta
71%
Henkilö joka löysi Jeesuksen haudan tyhjänä Magdalan Maria
68%
40 päivää ennen pääsiäistä. Paastonaika
59%
Henkilö joka kielsi Jeesuksen kolmesti Pietari
59%
Toinen asia minkä Jeesus sanoi, joka on johtanut moniin tulkintoihin: "Jumalani, Jumalani, miksi ________ minut"? Hylkäsit
53%
Kukkula, jolla Jeesus ristiinnaulittiin Golgata
47%
Päivä joka aloittaa edellisen {Tuhka}keskiviikko
44%
Ensimmäinen asia mitä Jeesus sanoi ristillä: "Isä, ____ ______ ________, sillähe eivät tiedä mitä tekevät" Anna heille anteeksi
38%
Roomalainen prefekti, joka valtuutti Jeesuksen ristiinnaulitsemisen Pontius Pilatus
32%
Koko viikko ennen Pääsiäistä {Hiljainen} viikko
29%
Päivä ennen edellistä {Laskiais}tiistai
29%
Henkilö joka epäili Jeesuksen ylösnousemusta Tuomas
26%
Dramaattinen esitys Jeesuksen kärsimyksestä Pääsiäisnäytelmä
18%
Juutalainen juhla, jota vietetään suunnilleen samaan aikaan kuin Pääsiäistä Pesah
0%
Ehtoja vastaavia visoja ei löytynyt
Tulosjakauma
Jokaisen tuloksen saaneiden osuus
Persentiili vastausten määrän mukaan
Tuloshistoriasi
Et ole pelannut tätä visaa